Normal view
MARC view
- DR SHOAB A.KHAN, DR ZAHEER AHMAD
Entry Personal Name
001 - CONTROL NUMBER
- control field: 71650
003 - CONTROL NUMBER IDENTIFIER
- control field: NUST
005 - DATE AND TIME OF LATEST TRANSACTION
- control field: 20210628204649.0
008 - FIXED-LENGTH DATA ELEMENTS
- fixed length control field: 210628|| aca||aabn | a|a d
040 ## - CATALOGING SOURCE
- Original cataloging agency: NUST
- Transcribing agency: NUST
100 ## - HEADING--PERSONAL NAME
- Personal name: DR SHOAB A.KHAN, DR ZAHEER AHMAD
670 ## - SOURCE DATA FOUND
- Source citation: Work cat.: (NUST): MUHAMMAD TAHIR ABBAS, AHMAD KHALIQ 71649, PR-SOF-1481-Multi Gig Software Defined Networking (SDN) using Intel Data Plane Development Kit (Intel DPDK) with an Inline Protocol Analyzer, 2015
